01044 a2200205 4500003000500000005001700005010001300022040000900035082001700044100003200061245004900093260004600142300002400188505039800212600003200610650004000642942001200682999001900694952012500713Nust20230504123826.0 a54032022 cNust a629.8323,WES aWest, John Clifford9112104 aTextbook of servomechanisms /cJohn C. West, aEnglish Universities PressbLondon,c1953 a238 pbillusc23 cm aIntroduction (Page-9),Open and Closed Loop (Page-12), Simple Position (Page-15), Friction Damping (Page-24), Output Velocity (Page-34), The Servo as a Network (Page-42), Alternative Damping (Page-62), Stability (Page-75), Speed Control (Page-112), Integral Control (Page-126), Rotary Amplifiers (Page-170), Some Effects of Structured (Page-208), The Treatment of Non Linearity’s (Page-223). aWest, John Clifford9112104 aTextbook of servomechanisms9112105 2ddccBK c183959d183959 00102ddc4070aMCSbMCScGENd2016-12-12o629.8323,WESpMCS6262r2016-12-08w2016-12-12yBKzAlmirah No.74, Shelf No.8